Ján Elen Bor (1907-1991)

Bibliographic Details
Main Author: Cabadaj, Peter, 1966- (Author)
Format: Article
Language:Slovak
ISBN:8070903945
Subjects:

MARC

LEADER 00000nab a2200000 ar4500
001 vtls009143376
003 SK-MaSNL
005 20260303063744.0
008 070925c1996 xo |r|p|||||||000 b|slo
015 |a SNBRB2007/09  |2 snkbucl 
038 |a SNKBUCL 
040 |a SNKBUCL  |b slo  |c SNKBUCL  |e AACR2 
041 0 |a slo 
044 |a xo  |c SK 
080 |a 82:929:821.162.4  |2 1997 
080 |a 821.162.4  |2 1997 
100 1 |a Cabadaj, Peter,  |d 1966-   |4 aut  |9 98153 
245 1 0 |a Ján Elen Bor (1907-1991)  |c Peter Cabadaj 
600 1 7 |a Bor, Ján E.,  |d 1907-1991  |2 snkbucl  |9 104660 
773 0 |t Národný kalendár 1997  |d Martin : Matica slovenská, 1996  |g S. 196-197  |z 8070903945 
852 |a SNK  |b KIS3GCP 
958 |a BX 
958 |a SK 
958 |a LX 
999 |c 1744286  |d 1746216